Normal view
MARC view
- DE-MTS-38
Entry Topical Term
001 - CONTROL NUMBER
- control field: 73296
003 - CONTROL NUMBER IDENTIFIER
- control field: NUST
005 - DATE AND TIME OF LATEST TRANSACTION
- control field: 20210628205011.0
008 - FIXED-LENGTH DATA ELEMENTS
- fixed length control field: 210628|| aca||aabn | a|a d
040 ## - CATALOGING SOURCE
- Original cataloging agency: NUST
- Transcribing agency: NUST
150 ## - HEADING--TOPICAL TERM
- Topical term or geographic name entry element: DE-MTS-38
670 ## - SOURCE DATA FOUND
- Source citation: Work cat.: (NUST): Muhammad Sohaib Arif. Ahmar Ali. Mubashar Hussain. Ghazanfar Hayat. 73295, PR-SOF-1959-Tele Operated Boom Spraying Mechanism, 2020
